Rock and Roll by Letter A - Statistics

General Stats
  • This quiz has been taken 205 times
  • The average score is 9 of 15
Answer Stats
Hint Answer % Correct
Bon Scott original frontman AC DC
84%
Names of band members are: Agnetha, Bjorn, Benny and Anni-Frid Abba
82%
Paul is barefoot on this album cover Abbey Road
82%
"Janie's got a gun" band Aerosmith
81%
"A Horse with No Name" band America
77%
Duane and Greg started this band Allman Brothers
74%
"Rolling in the Deep" Adele
72%
"Everything I do, I do it for you" singer/songwriter Bryan Adams
66%
Record label founded by the Beatles in 1968 Apple
61%
Eric Burdon fronted this "British Invasion" band The Animals
61%
Slang for guitar Axe
54%
North Pole Primates Arctic Monkeys
47%
Song from Rolling Stones, Goats Head Soup album Angie
37%
Marshall and Fender 2 brand names Amplifier
29%
Their best album is "Funeral" Arcade Fire
9%
No matching quizzes found
Score Distribution
Percent of People with Each Score
Percentile by Number Answered
Your Score History
You have not taken this quiz